Quizzes
Events
Quiz Creation
Community
Videos
Private Events
Remove Ads
Sign In
Join for FREE
Feedback
Dark Mode
Quiz Categories
Sports
Geography
Music
Movies
Television
Just For Fun
Miscellaneous
History
Literature
Language
Science
Gaming
Entertainment
Religion
Holiday
For Kids
Quiz Lab
Recent
Popular Today
Quiz Kudos Today
Editor Picks
Curator Picks
Quizzes by...
Day
Popularity
Type
Ratings
Length
Year
Community
Subscriptions
Recent Discussions
Orange Saloon
Badges
Playlists
Quests
Create
Leaderboards
Showdown
Live 5
Trivia Bingo
Activity
Puzzle Library
Sporcle Events
Private Events
Virtual Trivia
Globe League
Become a Host
Pub Owners
SporcleCon
Opinionation
Our Games
Videos
Blog
Mobile Apps
Partnerships
Remove Ads and Go Orange
Feedback
Sports
Athletes
MLB
NBA
NHL
NFL
Soccer
Sports Teams
WWE
NCAA
Football
Premier League
Basketball
Baseball
Hockey
Golf
Tennis
Cricket
Rugby
Auto Racing
Olympics
World Cup
Sports
Athletes
MLB
NBA
NHL
NFL
Soccer
Sports Teams
WWE
NCAA
Football
Premier League
Basketball
Baseball
Hockey
Golf
Tennis
Cricket
Rugby
Auto Racing
Olympics
World Cup
Random Quiz
Search Sporcle
×
Quiz Lab
Quiz Lab
Sports
Second Basemen
Type in answers that appear in a list
Type in answers that appear in a list
Classic
Best Score? Go Orange.
Yankees Secondbasemen w/ most GP per year Stats
Can you name the Yankees Secondbaseman who played the most Games each year?
By
nushney
13m
113 Questions
592 Plays
592 Plays
592 Plays
Comments
Comments
Give Quiz Kudos
Give Quiz Kudos
-
- Ratings
hide this ad
Replay
Link that replays current quiz
Next Quiz
Link to next quiz in quiz playlist
You Got
0%
They Got
Avg Score
57%
Avg Friend Score
Upgrade to see
Score Distribution
Jump to the score distribution portion of the page
Score
0/113
Timer
13:00
0
Plays Today
Year
Player
% Correct
2005
Robinson Cano
98.1%
2006
Robinson Cano
98.1%
2007
Robinson Cano
98.1%
2008
Robinson Cano
98.1%
2009
Robinson Cano
98.1%
2012
Robinson Cano
97.8%
2013
Robinson Cano
97.3%
1998
Chuck Knoblauch
90%
1999
Chuck Knoblauch
90%
2000
Chuck Knoblauch
90%
1976
Willie Randolph
88.3%
1977
Willie Randolph
88.3%
1978
Willie Randolph
88.3%
1979
Willie Randolph
88.3%
1980
Willie Randolph
88.3%
1981
Willie Randolph
88.3%
1982
Willie Randolph
88.3%
1983
Willie Randolph
88.3%
1984
Willie Randolph
88.3%
1985
Willie Randolph
88.3%
1986
Willie Randolph
88.3%
1987
Willie Randolph
88.3%
1988
Willie Randolph
88.3%
2001
Alfonso Soriano
85%
2002
Alfonso Soriano
85%
2003
Alfonso Soriano
85%
1957
Bobby Richardson
74%
1959
Bobby Richardson
74%
1960
Bobby Richardson
74%
1961
Bobby Richardson
74%
1962
Bobby Richardson
74%
1963
Bobby Richardson
74%
1964
Bobby Richardson
74%
1965
Bobby Richardson
74%
1966
Bobby Richardson
74%
1989
Steve Sax
73.5%
1990
Steve Sax
73.5%
1991
Steve Sax
73.5%
Year
Player
% Correct
1926
Tony Lazzeri
73.1%
1927
Tony Lazzeri
73.1%
1928
Tony Lazzeri
73.1%
1929
Tony Lazzeri
73.1%
1930
Tony Lazzeri
73.1%
1931
Tony Lazzeri
73.1%
1932
Tony Lazzeri
73.1%
1933
Tony Lazzeri
73.1%
1934
Tony Lazzeri
73.1%
1935
Tony Lazzeri
73.1%
1936
Tony Lazzeri
73.1%
1937
Tony Lazzeri
73.1%
2010
Robinson Cano
71.6%
1996
Mariano Duncan
68.1%
1938
Joe Gordon
65.4%
1939
Joe Gordon
65.4%
1940
Joe Gordon
65.4%
1941
Joe Gordon
65.4%
1942
Joe Gordon
65.4%
1943
Joe Gordon
65.4%
1946
Joe Gordon
65.4%
1952
Billy Martin
63.5%
1953
Billy Martin
63.5%
1956
Billy Martin
63.5%
1992
Pat Kelly
62.5%
1993
Pat Kelly
62.5%
1994
Pat Kelly
62.5%
1995
Pat Kelly
62.5%
2011
Robinson Cano
57.8%
2014
Brian Roberts
53.6%
1967
Horace Clarke
53%
1968
Horace Clarke
53%
1969
Horace Clarke
53%
1970
Horace Clarke
53%
1971
Horace Clarke
53%
1972
Horace Clarke
53%
1973
Horace Clarke
53%
1997
Luis Sojo
52.7%
Year
Player
% Correct
2015
Stephen Drew
50%
1954
Gil McDougald
49.3%
1955
Gil McDougald
49.3%
1958
Gil McDougald
49.3%
1949
Jerry Coleman
43.4%
1950
Jerry Coleman
43.4%
1951
Jerry Coleman
43.4%
1944
Snuffy Stirnweiss
42.9%
1945
Snuffy Stirnweiss
42.9%
1947
Snuffy Stirnweiss
42.9%
1948
Snuffy Stirnweiss
42.9%
2004
Miguel Cairo
40.4%
1974
Sandy Alomar
33.4%
1975
Sandy Alomar
33.4%
1921
Aaron Ward
25.2%
1922
Aaron Ward
25.2%
1923
Aaron Ward
25.2%
1924
Aaron Ward
25.2%
1925
Aaron Ward
25.2%
1903
Jimmy Williams
20.8%
1904
Jimmy Williams
20.8%
1906
Jimmy Williams
20.8%
1905
Jimmy Williams
20.8%
1907
Jimmy Williams
20.8%
1918
Del Pratt
12.8%
1919
Del Pratt
12.8%
1920
Del Pratt
12.8%
1917
Fritz Maisel
9.6%
1914
Lute Boone
8.4%
1915
Lute Boone
8.4%
1909
Frank LaPorte
7.6%
1910
Frank LaPorte
7.6%
1913
Roy Hartzel
5.9%
1911
Earle Gardner
3.5%
1916
Joe Gedeon
3.5%
1912
Hack Simmons
2%
1908
Harry Niles
1.5%
Quiz Playlist
Details
Report
Send in Message
Add To Playlist
Classic:
Type in answers that appear in a list
Quiz Source
Last Updated: Feb 16, 2017
Quiz Scoreboard
CHALLENGE
Sign Up to Join the Scoreboard
Show All
Scores
Hide
Comments
May contain spoilers
Recently Published
One Thing in Common: World Cities II
by knightlancer
Geography
7m
Popular People in 1961
by mucciniale
History
6m
1-10 Letter E Words III
by El_Dandy
Language
2m
More to Explore
Quiz From the Vault
Featured Blog Post
Where Did the Easter Bunny Come From?
hide this ad
You Might Also Like...
Tags
2nd Basemen
Middle Infielders
New York Yankees
Second Basemen
Today's Top Quizzes in Sports
Browse Sports
hide this ad
Top Contributed Quizzes in Sports
1
Les meilleurs buteurs des matchs entre le PSG et l’OM
2
Les entraîneurs de l'OM et du PSG au 21e siècle
3
2022 World Cup Stars
4
FIFA Club World Cup Champions
5
Name the Premier League winners with different clubs
6
La finale Lions - Afrique du Sud 2021
7
Criteria MLB: Left Handed Sluggers
8
Players with Multiple 50 Home Run Seasons
9
MLB Players with Two .350 Batting Average Seasons
10
MLB Hall of Famer by Rings
Explore More
Trending Topics
Marvel
Harry Potter
Anime
Crossword
NBA
Disney
Kpop
Song
Pokémon
Puzzle
Soccer
WWE
The Office
Country
NFL
hide this ad
More By:
nushney
Quiz
Plays
Rating
Category
Featured
Created
2015 MLB Teams Most Common Lineups
9,868
3.80
Sports
Oct 26, 2015
1000 HR Teammates
9,617
4.63
Sports
Jun 13, 2011
WWE: Opponents of The Shield
9,199
3.89
Sports
Apr 11, 2013
2012 MLB Teams Most Common Lineups
8,824
4.57
Sports
Oct 20, 2012
Top 4 Most Populous Cities per State
8,507
3.85
Geography
Mar 22, 2010
Go to Creator's Profile
Score Distribution
Quiz Creator Spotlight
nushney
Follow
Send a Message
Quizzes Created
-
Created Quiz Play Count
-
More By This Creator
Popular Quizzes Today
1
Find the US States - No Outlines Minefield
2
The Countries of the World
3
Popular People in 1961
4
Find the Countries of Europe - No Outlines Minefield
5
1-10 Letter E Words III
6
Find the US States
7
One Thing in Common: World Cities II
8
US States
More Sports Quizzes
Anything but Winter Olympic Sports
Published
Trending Quizzes
1-10 Letter F Words
1-10 Letter G Words
Risky Map Clicking: Next State Alphabetically
1-10 Letter F Words II
Risky Map Clicking: States by Unique Starting Letters
Recently Updated
Leaping Animals
pecheneg
Reality TV Shows (A-Z)
bhenderson79
Rickey Henderson's Hall of Fame Teammates
pecheneg
Champions League XIs: Arsenal
pecheneg
Quick Pick: Celebrities in WWE's Hall of Fame
aduchscher
A-Z Keypad Blitz II
pecheneg
Multiple Oscar Actors
pecheneg
Mystery Phrase Blitz: Oscar 'Best Actors'
pecheneg
F. Scott Fitzgerald Novels
LTH
Pick 3 Villains
ddd62291
Trending Topics
Anime
NBA
Marvel
Disney
Harry Potter
Kpop
Crossword
Puzzle
NFL
Song
Soccer
Pokémon
The Office
Country
WWE
Your Account Isn't Verified!
In order to create a playlist on Sporcle, you need to verify the email address you used during registration. Go to your
Sporcle Settings
to finish the process.
Report this User
Report this user for behavior that violates our
Community Guidelines
.
Details:
Send Report
Go to the Sporcle.com Mobile Site →
Comments